000 00433nam a2200157Ia 4500
003 GCL
008 140319s9999 xx 000 0 ara d
040 _aGCL /
_cGCL
082 0 4 _aد
_b050 \\=aيعقوب الشارونىv
245 1 0 _aتنمية عادة القراءة عند الاطفال (اقرا 483 )
300 _a114
490 _aاقرأ
_v0
650 0 4 _aالاطفال
650 0 4 _aالقراءة
942 _2ddc
_cBK
999 _c48754
_d48754